Situating sartre (Record no. 999434)

MARC details
000 -LEADER
fixed length control field 00887nam a2200265Ia 4500
003 - CONTROL NUMBER IDENTIFIER
control field OSt
005 - DATE AND TIME OF LATEST TRANSACTION
control field 20221005092833.0
008 - FIXED-LENGTH DATA ELEMENTS--GENERAL INFORMATION
fixed length control field 221004b |||||||| |||| 00| 0 eng d
020 ## - INTERNATIONAL STANDARD BOOK NUMBER
International Standard Book Number 0312160798
037 ## - SOURCE OF ACQUISITION
Terms of availability Textual
040 ## - CATALOGING SOURCE
Original cataloging agency CRL
Transcribing agency CRL
Language of cataloging eng
041 ## - LANGUAGE CODE
Source of code eng
Language code of text/sound track or separate title eng
100 ## - MAIN ENTRY--PERSONAL NAME
Personal name Fourny Jean Francois Ed.
9 (RLIN) 617822
245 #0 - TITLE STATEMENT
Title Situating sartre
Remainder of title In the twentieth century thought and culture
260 ## - PUBLICATION, DISTRIBUTION, ETC.
Place of publication, distribution, etc. New York
Name of publisher, distributor, etc. St. Martin Press USA
Date of publication, distribution, etc. 1997
300 ## - PHYSICAL DESCRIPTION
Extent ix,214p.
Dimensions cm.
650 ## - SUBJECT ADDED ENTRY--TOPICAL TERM
Topical term or geographic name entry element PHILOSOPHY
700 ## - ADDED ENTRY--PERSONAL NAME
Personal name Minahen Charles D. Ed.
9 (RLIN) 617823
942 ## - ADDED ENTRY ELEMENTS (KOHA)
Classification part R3xN05x, N7
Koha item type Textual
Source of classification or shelving scheme
Holdings
Withdrawn status Lost status Damaged status Not for loan Home library Current library Date acquired Source of acquisition Cost, normal purchase price Total Checkouts Full call number Barcode Date last seen Cost, replacement price Price effective from Koha item type
        Central Library Central Library 2022-10-05 4022, 11/03/2011, Bharat Scientific Syndicate 2274.22   R3xN05x N7 CL1430411 2022-10-05 2274.22 2022-10-05 Textual
Copyright @ Delhi University Library System